LDR 00769naa#a2200169#i#450# 001 RU\\bibl\121500 005 20260702033153.4 011 ## _a2073-0454 100 ## _a20251219b2025####ek#y0rusy0150####ca 102 ## _aRU 200 1# _aК вопросу предупреждения семейно-бытового насилия: теоретический и практический аспект _eЖурнальная статья 210 1# _aМосква _cМосковский университет МВД России имени В.Я. Кикотя _d2025 215 ## _a4 с. 608 ## _aЖурнальная статья _2local 675 ## _aПраво. Юридические науки. 34 _z 700 #1 _aИвасюк _gОльга Николаевна 856 4# _amosumvd.editorum.ru _u